José Antonio Páez

Guardat en:
Dades bibliogràfiques
Autor principal: Cunninghame Graham, Robert Bontine (Autor)
Format: Llibre
Idioma:espanyol
Publicat: Caracas Manuel Vicente Rodríguez LLamozas 1973
Col·lecció:Biblioteca de la Academia Nacional de la Historia, 5
Matèries:
Etiquetes: Afegir etiqueta
Sense etiquetes, Sigues el primer a etiquetar aquest registre!

MARC

LEADER 00000nam a2200000 a 4500
001 UCR1386
003 CL-VaPUC
005 20250224161803.0
008 971219e19730000VE |||||||||||||||||spa|d
999 |c 264789  |d 264787 
040 |c Pontificia Universidad Católica de Valparaíso 
082 0 4 |a 987.04  |b CUN  |2 21 
100 |a Cunninghame Graham, Robert Bontine   |e author  |9 592125 
245 1 0 |a José Antonio Páez 
260 |a Caracas  |b Manuel Vicente Rodríguez LLamozas  |c 1973 
300 |a 300 p 
490 0 |a Biblioteca de la Academia Nacional de la Historia, 5 
583 |a last modification  |c 19971219 00:00:00  |k Rodrigo Vera 
600 |a Páez, José Antonio,  |d 1790-1873  |x Biografías  |9 879891 
650 0 |a Historia venezolana  |9 393448 
650 0 |a Independencia   |9 344246 
650 0 |a Fuerzas Armadas  |9 255504 
650 7 |a HISTORIA SIGLO 19  |2 CL-VaPUC  |9 257187 
651 0 |a Venezuela  |9 254993 
942 |c BK  |2 ddc 
945 |d 19971219 00:00:00  |a cmena 
952 |0 0  |1 0  |4 0  |6 987_040000000000000_CUN_1973  |7 0  |8 DER_HDC  |9 295285  |a BIBDER  |b BIBDER  |d 2019-11-19  |i 1922289  |l 1  |o 987.04 CUN 1973  |p 1922289  |r 2023-01-25  |s 2020-03-19  |w 2019-11-19  |x Ubicación 4to Piso  |y BK  |z Estos recursos deben solicitarse con anticipación  |k DER